Quelques chiffres sur les transports en France (1) - Statistiques

Statistiques générales
  • Ce quiz a été pris 9 fois
  • Le résultat moyen est 3 sur 25
Statistiques - réponses
Hint Réponse % Correct
Nombre de taxis en France 61500
44%
Age moyen des véhicules d'occasion vendus en France (en années) 10,3
33%
Baisse des ventes des véhicules d'occasion en 2022 (en %) 13,3
22%
Nombre moyen de trajets par jour en 2022 3
22%
Nombre de chauffeurs VTC 40000
22%
Pourcentage des déplacement de moins de 80 kilomètres réalisés en voiture 62,8
22%
Pourcentage des déplacements effectués en France par les Français 86
22%
Age moyen des voitures en circulation en France (en années) 10,5
11%
Pourcentage des dépenses des ménages consacré aux transports 13,5
11%
Pourcentage de véhicules hybrides vendus sur l'ensemble des véhicules neufs immatriculés en 2022 20,1
11%
Pourcentage des véhicules bénéficiant de la vignette Crit'air 1 en 2022 26
11%
Pourcentage des gaz à effet de serre du quart des ménages les plus aisés (toutes activités) 35
11%
Temps de travail moyen des chauffeurs routiers longue distance (en heures) 48
11%
Pourcentage des véhicules diesel vendus sur l'ensemble des ventes d'occasion en 2022 52,2
11%
Part des voitures diesel (en %) 55,2
11%
Moyenne de temps de déplacement quotidien en 2022 (en heure) 1
0%
Pourcentage du transport ferroviaire 10,7
0%
Augmentation du transport par ferroviaire entre 2020 et 2021 (en %) 1,1
0%
Pourcentage de véhicules diesel vendus sur l'ensemble des véhicules neufs immatriculés en 2022 15,3
0%
Baisse d'émission des gaz à effet de serre en 2020 16,3
0%
Pourcentage de véhicules électriques vendus sur l'ensemble des véhicules neufs immatriculés en 2022 21,2
0%
Pourcentage de véhicules essence vendus sur l'ensemble des véhicules neufs immatriculés en 2022 38,8
0%
Chauffeurs d'autocar âgés de plus de 55 ans (en %) 40
0%
Pourcentage des distances parcourues par une personne seule dans son véhicule 41
0%
Pourcentage du transport routier en France réalisé par des entreprises françaises 92,5
0%
Aucun quiz correspondant
Distribution des résultats
% des personnes avec chaque résultat
Percentile par nombre de réponses
Votre historique - résultats
Vous n’avez pas pris ce quiz